[Event "Llinars del Valles op-B 8th"]
[Site "Llinars del Valles"]
[Date "2014.06.07"]
[Round "6"]
[White "Oliana Rectoret, Pere"]
[Black "Calvo Lopez, Julio Jose"]
[Result "1-0"]
[WhiteElo "1822"]
[BlackElo "1700"]
[PlyCount "93"]
[EventDate "2014.04.26"]
[EventType "swiss"]
[EventRounds "8"]
[EventCountry "ESP"]
[SourceTitle "EXT 2015"]
[Source "ChessBase"]
[SourceDate "2014.11.20"]
[SourceVersion "1"]
[SourceVersionDate "2014.11.20"]
[SourceQuality "1"]

1. d4 Nf6 2. e3 g6 3. Bd3 d5 4. Nd2 Bg7 5. f4 Bg4 6. Ngf3 e6 7. 0-0 0-0 8. c3 Nbd7 9. Qc2 c5 10. h3 Bf5 11. Bxf5 exf5 12. Ne5 Re8 13. Ndf3 Nxe5 14. Nxe5 Ne4 15. Bd2 Rc8 16. Be1 cxd4 17. exd4 f6 18. Nf3 g5 19. fxg5 fxg5 20. Nd2 f4 21. Qd1 Rc6 22. Qf3 Rf8 23. Nxe4 dxe4 24. Qxe4 Re8 25. Qf3 Re3 26. Qg4 Rh6 27. Bf2 Re4 28. Rae1 Rhe6 29. Rxe4 Rxe4 30. Qd1 a6 31. Qb3+ Kh8 32. Qxb7 Re2 33. Qxa6 Rxb2 34. Re1 h6 35. Re2 Rb1+ 36. Kh2 Ra1 37. Qb5 Qf6 38. Re8+ Kh7 39. Qb3 Bf8 40. Qc2+ Kg8 41. d5 Qf7 42. Qe4 Rxa2 43. Bc5 f3 44. Rxf8+ Qxf8 45. Bxf8 f2 46. Qf3 Rc2 47. Qf6 1-0

[Event "Llinars del Valles op-B 7th"]
[Site "Llinars del Valles"]
[Date "2013.06.01"]
[Round "7"]
[White "Oliana Rectoret, Pere"]
[Black "Rosas Ventura, Salvador"]
[Result "0-1"]
[WhiteElo "1614"]
[BlackElo "1513"]
[PlyCount "86"]
[EventDate "2013.04.13"]
[EventType "swiss"]
[EventRounds "7"]
[EventCountry "ESP"]
[SourceTitle "CBM 154 Extra"]
[Source "ChessBase"]
[SourceDate "2013.06.25"]
[SourceVersion "2"]
[SourceVersionDate "2013.06.25"]
[SourceQuality "1"]

1. d4 Nf6 2. e3 g6 3. Bd3 Bg7 4. Nf3 d6 5. Nbd2 Nbd7 6. 0-0 0-0 7. c3 c5 8. Re1 d5 9. e4 c4 10. Bc2 e6 11. e5 Ne8 12. Nf1 Nb6 13. Bd2 f6 14. exf6 Bxf6 15. Bh6 Ng7 16. Qd2 Qe7 17. Ne3 Rf7 18. Ng4 Nd7 19. Nxf6+ Nxf6 20. Ne5 Rf8 21. Qg5 Qc7 22. Re3 Bd7 23. Rae1 Qd8 24. Rf3 Be8 25. Ree3 Rc8 26. Ng4 Nd7 27. Rxf8+ Nxf8 28. Qe5 Qe7 29. Rf3 Nd7 30. Nf6+ Nxf6 31. Rxf6 Rc6 32. Bg5 Qd6 33. Qe3 Rb6 34. b3 Qa3 35. Bb1 cxb3 36. axb3 Qxb3 37. Bd3 Qd1+ 38. Bf1 Rb1 39. Rf8+ Kxf8 40. Qf4+ Kg8 41. h3 Qxf1+ 42. Kh2 Qh1+ 43. Kg3 Nh5+ 0-1

[Event "Llinars del Valles op-B 6th"]
[Site "Llinars del Valles"]
[Date "2012.05.26"]
[Round "7"]
[White "Lopez Martinez, Angel"]
[Black "Oliana Rectoret, Pere"]
[Result "0-1"]
[WhiteElo "1502"]
[BlackElo "1635"]
[PlyCount "62"]
[EventDate "2012.04.14"]
[EventType "swiss"]
[EventRounds "9"]
[EventCountry "ESP"]
[SourceTitle "EXT 2013"]
[Source "ChessBase"]
[SourceDate "2012.11.22"]
[SourceVersion "1"]
[SourceVersionDate "2012.11.22"]
[SourceQuality "1"]

1. e4 d5 2. exd5 Qxd5 3. Nc3 Qa5 4. d4 c6 5. Nf3 Nf6 6. Bd2 Qc7 7. Bc4 Bf5 8. 0-0 e6 9. Re1 Be7 10. Ne5 Nbd7 11. f4 0-0 12. Be3 Nd5 13. Nxd5 cxd5 14. Bd3 Bxd3 15. Qxd3 Nf6 16. c4 Rad8 17. Rf1 Ne4 18. f5 exf5 19. Rxf5 g6 20. Rf4 f5 21. c5 Bf6 22. Rc1 Bxe5 23. dxe5 Qxe5 24. Qb3 Rf7 25. Rh4 f4 26. Rf1 Rdf8 27. Bc1 Qd4+ 28. Kh1 g5 29. Rg4 h5 30. Rfxf4 Rxf4 31. Rxf4 Rxf4 0-1

[Event "Llinars del Valles op-B 6th"]
[Site "Llinars del Valles"]
[Date "2012.05.19"]
[Round "6"]
[White "Oliana Rectoret, Pere"]
[Black "Martinez Perez, Pablo"]
[Result "0-1"]
[WhiteElo "1635"]
[BlackElo "1515"]
[PlyCount "46"]
[EventDate "2012.04.14"]
[EventType "swiss"]
[EventRounds "9"]
[EventCountry "ESP"]
[SourceTitle "EXT 2013"]
[Source "ChessBase"]
[SourceDate "2012.11.22"]
[SourceVersion "1"]
[SourceVersionDate "2012.11.22"]
[SourceQuality "1"]

1. d4 d5 2. e3 Nf6 3. Bd3 Nc6 4. f4 Nb4 5. Nf3 Nxd3+ 6. cxd3 Bf5 7. Nc3 e6 8. 0-0 Be7 9. Ne5 h5 10. a3 Ng4 11. e4 dxe4 12. dxe4 Nxe5 13. exf5 Nc6 14. fxe6 fxe6 15. d5 exd5 16. Nxd5 Qd6 17. Be3 0-0-0 18. Nxe7+ Qxe7 19. Qf3 Rhe8 20. Rae1 Rd3 21. Kf2 Nd4 22. Qg3 Nc2 23. Bc1 Nxe1 0-1

[Event "Barcelona La Lira op-C 11th"]
[Site "Barcelona"]
[Date "2008.07.23"]
[Round "5.2"]
[White "Ortega Abellan, Daniel"]
[Black "Oliana Rectoret, Pere"]
[Result "1-0"]
[WhiteElo "1787"]
[BlackElo "1828"]
[PlyCount "77"]
[EventDate "2008.07.19"]
[EventType "tourn"]
[EventRounds "9"]
[EventCountry "ESP"]
[SourceTitle "EXT 2024"]
[Source "ChessBase"]
[SourceDate "2023.10.10"]
[SourceVersion "1"]
[SourceVersionDate "2023.10.10"]
[SourceQuality "1"]

1. d4 d5 2. Bf4 Nf6 3. Nf3 e6 4. e3 c5 5. Bb5+ Bd7 6. Bxd7+ Nbxd7 7. Nbd2 Be7 8. Qe2 Qb6 9. b3 0-0 10. c4 Rac8 11. 0-0 Rfe8 12. Qd3 Nf8 13. Rfe1 Ng6 14. Be5 Ng4 15. Bg3 Bd6 16. Bxd6 Qxd6 17. h3 Nf6 18. a4 e5 19. dxe5 Nxe5 20. Nxe5 Qxe5 21. cxd5 Nxd5 22. Nc4 Qe6 23. Rad1 Red8 24. e4 Re8 25. Qxd5 Qf6 26. Qxb7 Rcd8 27. Rxd8 Rxd8 28. Qxa7 Qc3 29. Rb1 Qd4 30. e5 h6 31. a5 Rd7 32. Qb8+ Rd8 33. Qb6 Qd3 34. Rb2 Qd1+ 35. Kh2 Rd5 36. a6 Qc1 37. a7 Qf4+ 38. g3 Qf3 39. a8Q+ 1-0

[Event "Barcelona La Lira op-C 11th"]
[Site "Barcelona"]
[Date "2008.07.19"]
[Round "1.2"]
[White "Oliana Rectoret, Pere"]
[Black "Gomez Fernandez, Miquel"]
[Result "1/2-1/2"]
[WhiteElo "1828"]
[BlackElo "1788"]
[PlyCount "72"]
[EventDate "2008.07.19"]
[EventType "tourn"]
[EventRounds "9"]
[EventCountry "ESP"]
[SourceTitle "EXT 2024"]
[Source "ChessBase"]
[SourceDate "2023.10.10"]
[SourceVersion "1"]
[SourceVersionDate "2023.10.10"]
[SourceQuality "1"]

1. d4 d5 2. e3 Nf6 3. Bd3 c6 4. Nd2 Nbd7 5. f4 e6 6. Ngf3 h6 7. Ne5 Be7 8. 0-0 0-0 9. Qf3 Nxe5 10. fxe5 Nh7 11. Qg4 Qe8 12. Nf3 f5 13. Qg3 Qh5 14. Bd2 a5 15. a3 b6 16. b4 Ba6 17. bxa5 Bxd3 18. cxd3 bxa5 19. Rfc1 Rfc8 20. a4 Ng5 21. Rab1 Rc7 22. Rb3 Nxf3+ 23. Qxf3 Qxf3 24. gxf3 g5 25. Rcb1 Bb4 26. Bxb4 axb4 27. Rxb4 h5 28. Rb8+ Rxb8 29. Rxb8+ Kf7 30. Rb2 Ra7 31. Rb4 Ra6 32. h3 Kg6 33. Kg2 f4 34. e4 Kf7 35. exd5 cxd5 36. Rb7+ Kg6 1/2-1/2